Dovozná prirážka

Vláda SR zaviedla k 1. máju 1997 dovozný depozit, ktorý sa od 21. júla 1997 nahradil zavedením dovoznej prirážky vo výške 7 perc. Uplatňuje sa na dovozy zo všetkých krajín. Povinnosť SR z členstva v Svetovej obchodnej organizácii (WTO). Uplatňovanie dovozného depozitu a dovoznej prirážky.

Salvato in:
Dettagli Bibliografici
Natura: Capitolo di libro
Lingua:slovacco
Soggetti:
Tags: Aggiungi Tag
Nessun Tag, puoi essere il primo ad aggiungerne!!

MARC

LEADER 00000naa a2200000 4500
001 r028112
005 20230825080444.3
041 0 |a slo 
044 |a SK 
245 1 0 |a Dovozná prirážka 
520 |a Vláda SR zaviedla k 1. máju 1997 dovozný depozit, ktorý sa od 21. júla 1997 nahradil zavedením dovoznej prirážky vo výške 7 perc. Uplatňuje sa na dovozy zo všetkých krajín. Povinnosť SR z členstva v Svetovej obchodnej organizácii (WTO). Uplatňovanie dovozného depozitu a dovoznej prirážky. 
610 2 0 |a prirážky dovozné 
610 2 0 |a depozitum dovozné 
610 2 0 |a Slovensko 
610 2 0 |a 1997 
610 2 0 |a nástroje ekonomické 
610 2 0 |a bilancia platobná 
610 2 0 |a opatrenia 
610 2 0 |a dovoz